Statistics for Indonesia Historical Figure #2

Click here to take the quiz!

General Stats

  • This quiz has been taken 36 times
  • The average score is 5 of 15

Answer Stats

Answer% Correct
Suharto
88%
Cut Nyak Dhien
79%
Dewi Sartika
58%
Pierre Tendean
52%
Imam Bonjol
45%
Ahmad Dahlan
42%
Adam Malik
33%
Frans Kaisiepo
30%
Hamengkubuwono IX
30%
Sam Ratulangi
24%
Supriyadi
21%
Eddy Martadinata
15%
Mohammad Toha
12%
Kusumah Atmaja
9%
Mohammad Natsir
9%

Score Distribution

Percentile by Number Answered

Percent of People with Each Score

Your Score History

You have not taken this quiz